000 00739cam a2200193 4500
001 WB3728-18
008 010718n2001 000 0 eng u
035 _a(Sirsi) u113685
245 _aSeller's packs to go ahead
260 _c2001
490 _aNegotiator
_v16(14) 13 July 2001, 3(1)
520 _aIn a meeting with the National Association of Estate Agents, Lord Falconer, Housing Minister, has confirmed that the Seller's Pack will become law, although legislation is not timetabled for introduction until 18 months time.
590 _aWB
650 _aSELLERS PACKS
650 _aESTATE AGENTS
650 _aPROPERTY-RESIDENTIAL PROPERTY-ACQUISITION AND DISPOSAL OF RESIDENTIAL PROPERTY
690 _aHOUSING
942 _n0
999 _c67738
_d67738